Advancing quantitative methods in second language research
Saved in:
| Hovedforfatter: | |
|---|---|
| Format: | Bog |
| Sprog: | engelsk |
| Udgivet: |
Nueva York
Routledge
2015
|
| Udgivelse: | 1a. ed |
| Serier: | Second Language Acquisition Research Series
|
| Fag: | |
| Tags: |
Tilføj Tag
Ingen Tags, Vær først til at tagge denne postø!
|
MARC
| LEADER | 00000cam a2200000 a 4500 | ||
|---|---|---|---|
| 001 | UCC4224 | ||
| 003 | CL-VaPUC | ||
| 008 | 180720e20150000us |||||||||||||||||eng|d | ||
| 020 | |a 9780415718349 | ||
| 082 | 0 | 4 | |a 418.007 |b PLO |2 21 |
| 100 | 0 | |a Plonsky, Luke |e author |9 598376 | |
| 245 | 1 | 0 | |a Advancing quantitative methods in second language research |
| 250 | |a 1a. ed | ||
| 300 | |a 357 p | ||
| 942 | |c BK | ||
| 945 | |d 20180720 14:27:00 |a dcastane | ||
| 260 | |a Nueva York |b Routledge |c 2015 | ||
| 650 | 0 | |a Aquisición de segundo lenguaje |9 464787 | |
| 650 | 0 | |a Enseñanza de idiomas |9 339820 | |
| 650 | 0 | |a Métodos de enseñanza |9 270413 | |
| 650 | 0 | |a Investigación lingüística |9 329785 | |
| 583 | |a last modification |c 20180720 14:27:00 |k Rodrigo Vera | ||
| 490 | 0 | |a Second Language Acquisition Research Series | |
| 999 | |c 371777 |d 371775 | ||